• 首页
  • 本馆介绍
  • 公告通知
  • 最新文献
  • 馆藏检索
  • 电子资源
  • 读者导购
  • 参考咨询
  • 我的图书馆
  • 登录
  • 详细信息显示
  • 放入我的书架
  • 预约/预借图书
  • 作者相关作品
  • 分类相关作品
  • 丛书相关作品
  • 出版社相关作品

书目信息

  • 表格格式
  • 工作单格式
  • 卡片格式
题名:
复旦大学法律评论
    
 
作者: 孙笑侠 主编
分册: 第二辑  
出版信息: 北京   法律出版社  2015
页数: 456页
开本: 23cm
丛书名:
单 册:
中图分类: D90-53
科图分类:
主题词: 法学--Fa Xue--文集
电子资源:
ISBN: 978-7-5118-7933-2
000 00914nam0 22002531 450
001 349733
005 20161008164615.46
010    @a978-7-5118-7933-2@dCNY65.00
100    @a20150908d2015 em y0chiy50 ea
101 0  @achi
102    @aCN@b110000
105    @ay z 000yy
106    @ar
200 1  @a复旦大学法律评论@AFu Dan Da Xue Fa Lv Ping Lun@h第二辑@f孙笑虾主编
210    @a北京@c法律出版社@d2015
215    @a456页@d23cm
312    @a封面分辑题名:商谈理论与司法程序
314    @a版权页著:孙笑侠主编
330    @a本书以“商谈理论与司法程序”为主题,收录了《民事诉讼体制与诉讼正义》、《论司法的程序理性》、《商谈理论与司法理论和实践》、《论侵害防止参加第三人》、《法律方法的主要任务是重塑法律推理的大前提》等的文章。
606 0  @a法学@AFa Xue@j文集
690    @aD90-53@v5
701  0 @a孙笑侠@ASun Xiao Xia@f(1963~)@4主编
801  0 @aCN@bTANGWEI@20160730
905    @b0886490-4@dD90-53@e597@f5
    
    复旦大学法律评论.第二辑/孙笑虾主编.-北京:法律出版社,2015
    456页;23cm
    
    
    ISBN 978-7-5118-7933-2:CNY65.00
    本书以“商谈理论与司法程序”为主题,收录了《民事诉讼体制与诉讼正义》、《论司法的程序理性》、《商谈理论与司法理论和实践》、《论侵害防止参加第三人》、《法律方法的主要任务是重塑法律推理的大前提》等的文章。
●
相关链接 在E读中查询图书 在五车中查询图书 在当当中查询图书 在豆瓣中查询图书


正题名:复旦大学法律评论     索取号:D90-53/597         预约/预借

序号 登录号 条形码 馆藏地/架位号 状态 备注
1 0886490   208864905   第一样本阅览室/ [索取号:D90-53/597] 在馆    
2 0886491   208864914   第一借阅区/ [索取号:D90-53/597] 在馆    
3 0886492   208864923   密集书库-史法系/ [索取号:D90-53/597] 在馆    
4 0886493   208864932   第一借阅区/ [索取号:D90-53/597] 在馆    
5 0886494   208864941   第一借阅区/ [索取号:D90-53/597] 在馆    
唐山师范学院图书馆 欢迎您!
大连网信软件有限公司© 版权所有